00614nam a2200133Ia 4500008004100000100003000041245010400071245015400175260005300329260001400382300000800396650001500404856006100419170221s9999 xx 000 0 und d aAnna Iosifovna Sherbakova aMethodological Paradigm of Social Interaction as the Basis for Modern Education Resources Research  cAnna Iosifovna Sherbakova, Alexander Vladlenovich Kamenetz, Natalya Ivanovna Anufrieva, Evgeniy Aleksandrovich Anufriev, Elizaveta Olegovna Zinchenko bInternational Review of Management and Marketing cJune 2013 a5:1 xMarketing. uhttp://www.econjournals.com/index.php/irmm/issue/view/75